|
|
|
|
| LEADER |
00000cam a2200000 4500 |
| 001 |
vtls011896915 |
| 003 |
SK-MaSNL |
| 005 |
20260302022945.0 |
| 008 |
210624s2015 xo da frn 000 0 slo |
| 015 |
|
|
|a SNBA2020/03
|
| 020 |
|
|
|a 9788056103272
|q (brožované)
|
| 035 |
|
|
|a urn:nbn:sk:snk-am00edps
|
| 035 |
|
|
|a urn:nbn:sk:snk-am3ih0m
|
| 035 |
|
|
|a 4E9115C8-B721-48A0-A267-45CDDB9FFC48
|
| 040 |
|
|
|a SNK
|b slo
|c SNK
|e rda
|
| 041 |
0 |
|
|a slo
|
| 044 |
|
|
|a xo
|c SK
|
| 072 |
|
7 |
|a 2
|x Náboženstvo
|2 konspekt
|
| 080 |
|
|
|a 21/29-1/-9
|2 2011
|
| 080 |
|
|
|a 2-184.3
|2 2011
|
| 080 |
|
|
|a 2-46
|2 2011
|
| 080 |
|
|
|a 316.346.32-053.6
|2 2011
|
| 080 |
|
|
|a (048.8)
|2 2011
|
| 100 |
1 |
|
|a Volf, Florián,
|d 1983-
|4 aut
|9 171787
|
| 245 |
1 |
0 |
|a Viera a náboženstvo v živote súčasnej mládeže
|c Florián Volf
|
| 250 |
|
|
|a 1. vydanie
|
| 264 |
|
1 |
|a Ružomberok
|b Verbum
|c 2015
|
| 300 |
|
|
|a 170 strán
|b grafy, tabuľky
|c 21 cm
|
| 336 |
|
|
|a text
|b txt
|2 rdacontent
|
| 337 |
|
|
|a bez média
|b n
|2 rdamedia
|
| 338 |
|
|
|a zväzok
|b nc
|2 rdacarrier
|
| 366 |
|
|
|e 100 kusov
|
| 500 |
|
|
|a Na rube titulného listu je rok vydania 2016
|
| 504 |
|
|
|a Obsahuje bibliografiu na strane 154-162 ; bibliografické odkazy
|
| 650 |
0 |
7 |
|a náboženstvo
|2 SNKPH
|9 2023
|
| 650 |
0 |
7 |
|a náboženská viera
|2 SNKPH
|9 67877
|
| 650 |
0 |
7 |
|a mládež
|2 SNKPH
|9 1575
|
| 650 |
0 |
7 |
|a Religion
|2 SNKPHeng
|9 265085
|
| 650 |
0 |
7 |
|a Religious faith
|2 SNKPHeng
|9 267299
|
| 650 |
0 |
7 |
|a Pastorate
|2 SNKPHeng
|9 266917
|
| 650 |
0 |
7 |
|a Youth
|2 SNKPHeng
|9 275085
|
| 650 |
0 |
7 |
|a pastorácia
|2 SNKPH
|9 1972
|
| 655 |
|
7 |
|a monografie
|2 SNKPH
|9 70139
|
| 655 |
|
7 |
|a Monographs
|2 SNKPHeng
|9 120675
|
| 710 |
2 |
|
|a Katolícka univerzita v Ružomberku.
|b Teologická fakulta v Košiciach
|4 pbl
|9 181896
|
| 919 |
|
|
|a 978-80-561-0327-2
|
| 958 |
|
|
|a NB
|
| 958 |
|
|
|a NT
|
| 999 |
|
|
|c 1034749
|d 1036679
|
| 952 |
|
|
|a SNK
|b SNK
|y PREZ
|7 0
|p 17A1413097
|o snkSC 187252
|i snk2019/32444
|8 0
|0 0
|1 0
|4 0
|d 2019-12-18
|f 1
|l 0
|r 2026-02-24 14:05:37
|w 2026-02-24
|
| 952 |
|
|
|a SNK
|b SNK
|y VYP
|7 0
|p 17A1413098
|o snkSC 187252 D1
|i snk2019/32445
|8 0
|0 0
|1 0
|4 0
|d 2019-12-18
|l 0
|r 2026-02-24 14:05:37
|w 2026-02-24
|